Normal view
MARC view
Entry Topical Term
001 - CONTROL NUMBER
- control field: 12300
003 - CONTROL NUMBER IDENTIFIER
- control field: ARRUPE
005 - DATE AND TIME OF LATEST TRANSACTION
- control field: 20141030132813.0
008 - FIXED-LENGTH DATA ELEMENTS
- fixed length control field: 141030|| aca||aabn | a|a d
040 ## - CATALOGING SOURCE
- Original cataloging agency: ARRUPE
- Transcribing agency: ARRUPE
150 ## - HEADING--TOPICAL TERM
- Topical term or geographic name as entry element: Science
- General subdivision: history
- Form subdivision: Dictionary.
670 ## - SOURCE DATA FOUND
- Source citation: Work cat.: (ARRUPE)0: Bynum, W. F. (William F.), 1943- 12298, Dictionary of the history of science /, c1981.